Tata Vasco : un gran reformador del siglo XVI /

Guardado en:
Detalles Bibliográficos
Autor principal: Callens, Paul L. (autor)
Formato: Libro
Idioma:Español
Publicado: México : Jus, 1992, c1958
Etiquetas: Agrega una etiqueta
Sin etiquetas, Sé el primero en etiquetar este registro!

MARC

LEADER 00000nam^a2200000^a^4500
001 000617485
005 20250714000000.0
009 20260310133741.671
020 |a 968-423-274-8 
037 |a Acervo ITESO - Biblioteca 
041 |a ESP 
091 |a FOB. 00004 
100 |a Callens, Paul L.  |e (autor) 
245 1 0 |a Tata Vasco :  |b un gran reformador del siglo XVI / 
264 4 |a México :  |b Jus,  |c 1992, c1958 
300 |a 79 p. 
336 |a texto  |b txt  |2 rdacontenido 
337 |a sin mediación  |b n  |2 rdamedio 
338 |a volumen  |b nc  |2 rdasoporte 
649 |a XX 
910 |a Fondo Carlos de Obeso Orendain 
920 |a Impresos - Libros 
930 |a Fondos Especiales 
905 |a 147 
901 |a 617527-10  |b IT2  |c ESP  |i D  |u 20250714 
902 |a https://opac.biblio.iteso.mx/vufind/Record/000617485